On the history of political philosophy : great political thinkers from Thucydides to Locke (Record no. 41927)

MARC details
000 -LEADER
fixed length control field 00480nam a2200181Ia 4500
020 ## - INTERNATIONAL STANDARD BOOK NUMBER
ISBN 9780205119745
050 ## - CALL MARK
Classification number JA 71 .K67/
100 ## - STATEMENT OF RESPONSIBILITY--MAIN AUTHOR NAME
Personal name Korab-Karpowicz, W. Julian.
245 #0 - TITLE STATEMENT
Title On the history of political philosophy : great political thinkers from Thucydides to Locke
260 ## - PUBLICATION, DISTRIBUTION, ETC. (IMPRINT)
Place of publication Boston
260 ## - PUBLICATION, DISTRIBUTION, ETC. (IMPRINT)
Name of publisher Pearson
260 ## - PUBLICATION, DISTRIBUTION, ETC. (IMPRINT)
Year of publication 2012
300 ## - PHYSICAL DESCRIPTION
Number of Pages 242 p
650 ## - SUBJECT ADDED ENTRY--TOPICAL TERM
Topical Term Boston
942 ## - ADDED ENTRY ELEMENTS (KOHA)
Koha item type Books
Holdings
Withdrawn status Lost status Source of classification or shelving scheme Damaged status Not for loan Permanent Location Current Location Shelving location Date acquired Accession Number Price effective from Koha item type
    Library of Congress Classification     NILE UNIVERSITY OF NIGERIA - MAIN LIBRARY NILE UNIVERSITY OF NIGERIA - MAIN LIBRARY Items on shelf 06/03/2025 0011689 06/03/2025 Books